| 000 | 00408nam a2200121Ia 4500 | ||
|---|---|---|---|
| 008 | 220512s9999 xx 000 0 eng d | ||
| 100 | _aSane, Renuka | ||
| 245 | 4 |
_aThe real cost of credit constraints:evidence from micro-finance / _cSane, Renuka and thomas, susan |
|
| 260 |
_aMumbai : _bIndira Gandhi Institute of Development Research, _cJul-13 |
||
| 546 | _aEnglish | ||
| 700 | _athomas, susan | ||
| 942 | _cPR | ||
| 999 |
_c36833 _d36833 |
||